000 01199nam a22003137a 4500
001 03996
003 HDC
007 cr bn ---aaaaa
008 210113t2009 flu||||| |||| 00| 0 eng
020 _a978-1-4200-7753-7
040 _aHDC
100 _aImai, Cindy M.
_eauthor
_93963
245 0 _aAdequate Food for All: Culture, Science, and Technology of Food in the 21st Century. Chapter 4 :
_bThe Influence of Culture and Customs on Food Choices / by
_cCindy M. Imai, Dustin J. Burnett, and Johanna T. Dwyer
260 _a Boca Raton, Florida:
_bCRC Press,
_c2009
300 _a22 pages
336 _atext
_2rdacontent
337 _acomputer
_2rdamedia
338 _aonline resource
_2rdacarrier
500 _aIncludes bibliographical references
650 _aAdequate Food
_93951
650 _aCulture and Customs
_93964
650 _afood choices
_93956
700 _a Dwyer, Johanna T.
_eauthor
_93966
700 _aBurnett, Dustin J.
_eauthor
_93965
856 _zRequest full-text at [email protected]
942 _2lcc
942 _cCHAP
942 _kEBCH 001762
999 _c1321
_d1321